8. Neverita - Bad Bunny - Estadísticas

Estadísticas generales
  • Esta prueba ha sido intentada 26 veces
  • La puntuación promedio es 203 de 235
Estadísticas de respuestas
% Correcto
cora,
100%
corazón
100%
'e
100%
e'
100%
El
100%
el
100%
en
100%
la
100%
lo
100%
me
100%
Me
100%
neverita
100%
pa'
100%
qué
100%
que
100%
ti,
100%
100%
100%
chamaquita
95%
como
95%
Diablo,
95%
este
95%
las
95%
puesto
95%
quita'
95%
sol,
95%
te
95%
'toy
95%
y
95%
Amores
90%
de
90%
Dice
90%
nunca
90%
ola'
90%
Verso Pero
90%
pero
90%
piquete
90%
se
90%
sola,
90%
sola
90%
solita
90%
van,
90%
verano
90%
vienen
90%
Estribillo Yo
90%
yo
90%
conmigo,
86%
cuando
86%
Jugar
86%
nena'
86%
puso
86%
queda
86%
queme'
86%
Déjame
81%
déjame
81%
entretiene
81%
hay
81%
linda,
81%
mucha'
81%
no
81%
No
81%
tiene'
81%
TikTok,
81%
Una
81%
una
81%
viendo
81%
Baby,
76%
DM
76%
entrar,
76%
explota'o,
76%
je
76%
le
76%
sunblock,
76%
sunblock
76%
to's
76%
Aquí
71%
ere'
71%
'hola'
71%
pasaría
71%
pones
71%
siento
71%
abusadora
67%
contigo
67%
escriben
67%
mala,
67%
meme
67%
sea'
67%
cola,
62%
dale,
62%
quítame
62%
untarte
62%
eso
57%
fila
57%
lock,
57%
sorprenderte,
57%
yeah,
57%
yeah
57%
ey,
52%
ey
52%
quiero
52%
cerveza
48%
cabrone'
29%
Vo'a
29%
bebe'
24%
buscarte
24%
No se encontraron pruebas coincidentes
Distribución de puntuación
Porcentaje de gente con cada puntuación
Porcentaje por número respondido
Historial de tus puntuaciones
No has intentado esta prueba.